Alegría: Lecturas para el segundo grado

Gespeichert in:
Bibliographische Detailangaben
1. Verfasser: Mazzanti, José.Autor
Format: keine Angabe
Sprache:Spanisch
Erschienen: Buenos Aires : Alberto Moly Editor, 1942
Katalog:MANES:  Suchergebnis im Bibliothekskatalog
Schulbuchspezifische Eigenschaften:
Schlagworte:
Tags: Tag hinzufügen
Keine Tags, Fügen Sie den ersten Tag hinzu!
Hinzugefügt zu:26.04.2016
Geändert in:06.04.2025

MARC

LEADER 000000000a22000000004500
001 39257
003 OSt
005 20250406184327.0
008 160427s ag ||||| |||| 00| 0 spa d
040 |a centro_manes  |c bdocenteBA 
100 1 |a Mazzanti, José.Autor  |9 10662 
245 0 0 |a Alegría:   |b Lecturas para el segundo grado /   |c José Mazzanti 
260 |a Buenos Aires :   |b Alberto Moly Editor,  |c 1942 
300 |a 166 p. :   |b il ;   |c 22 x 15 cm. 
500 |a Signatura topográfica: HTA 1942 MAZa 1(Sala A).  |a Texto aprobado por el H. Consejo Nacional de Educación, Exp. 14339 / C / 1942. En portada: Ilustraciones de Guibourg y Bozzini. 
546 |a Argentina 
561 |5 ag-DOCE  |a Argentina. Biblioteca del Docente  |k MANES 
655 0 |a Primaria  |9 4 
650 0 |a Escritura y Lectura  |9 20 
942 |2 ddc  |c BK 
999 |c 43575  |d 43575 
999 |c manes:43575  |d 43575